Dôslednou mobilizáciou rezerv k vyššej výkonnosti ekonomiky

Bibliographic Details
Main Author: Lér, Leopold, 1928- (Author)
Format: Article
Language:Slovak
Subjects:

MARC

LEADER 00000nab a2200000 a 4500
001 vtls000021852
003 SK-MaSNL
005 20260305024355.0
008 111103c1979 xo 0 slo
015 |a SNBRB19rr/mm-uuuuu 
035 |a CL0031946 
040 |a SNKBUCL  |b slo  |c SNKBUCL  |e AACR2 
041 0 |a slo 
044 |a xo  |c SK 
080 |a 338.1  |2 1981 
100 1 |a Lér, Leopold,  |d 1928-  |4 aut  |9 5280 
245 1 0 |a Dôslednou mobilizáciou rezerv k vyššej výkonnosti ekonomiky  |c Leopold Lér 
650 0 7 |a národné hospodárstvo  |2 snkbucl  |9 846 
655 7 |a články z novín a časopisov  |2 snkbucl  |9 267496 
773 0 |t Život strany  |g Č. 5 (1979), s. 4-7 
850 |a Slovenská národná knižnica v Martine  |a MTA001 
852 |a SNK  |b KIS3GCP 
958 |a RK 
992 |a RBX 
999 |c 3302000  |d 3303930